[Event "HUN-chT2 Breyer 1213"]
[Site "Hungary"]
[Date "2013.03.24"]
[Round "9.12"]
[White "Sugar, Kolos"]
[Black "Tardos, Jakab"]
[Result "1-0"]
[WhiteElo "1620"]
[BlackElo "1737"]
[PlyCount "115"]
[EventDate "2012.09.16"]
[EventType "team-tourn"]
[EventRounds "11"]
[EventCountry "HUN"]
[SourceTitle "EXT 2014"]
[Source "ChessBase"]
[SourceDate "2013.11.20"]
[SourceVersion "1"]
[SourceVersionDate "2013.11.20"]
[SourceQuality "1"]
[WhiteTeam "Biatorbagy"]
[BlackTeam "Husi"]
[WhiteTeamCountry "HUN"]
[BlackTeamCountry "HUN"]

1. e4 e6 2. Qe2 Be7 3. g3 d5 4. d3 dxe4 5. dxe4 Bd7 6. Bg2 Bc6 7. Be3 Nf6 8. Nd2 0-0 9. f4 Nbd7 10. Nh3 Nc5 11. Nf2 Qd7 12. Rd1 Bb5 13. c4 Ba4 14. b3 Bc6 15. 0-0 Rad8 16. b4 Na4 17. Nb1 Qc8 18. e5 Bxg2 19. Kxg2 Nd7 20. c5 Nb8 21. Qc2 b5 22. Nc3 Nxc3 23. Qxc3 Qb7+ 24. Kg1 Rd5 25. Rd4 Rfd8 26. Rfd1 Nc6 27. R4d2 h6 28. a3 f6 29. Rxd5 Rxd5 30. Rxd5 exd5 31. Bd4 Kf7 32. Ng4 Qc8 33. Ne3 Qd7 34. Kg2 Nxd4 35. Qxd4 c6 36. h3 g6 37. Ng4 Qe6 38. Nxh6+ Kg7 39. Ng4 Qf5 40. exf6+ Bxf6 41. Qxf6+ Qxf6 42. Nxf6 Kxf6 43. Kf3 Kf5 44. g4+ Kf6 45. h4 Ke6 46. Ke3 Kf6 47. Kd4 Ke6 48. Ke3 Kf6 49. Kd3 Kf7 50. Kd4 Ke6 51. h5 Kf6 52. hxg6 Kxg6 53. Ke5 Kf7 54. f5 Ke7 55. f6+ Kf7 56. g5 Kg6 57. Kf4 Kf7 58. Kf5 1-0

[Event "HUN-chT2 Breyer 1213"]
[Site "Hungary"]
[Date "2012.10.07"]
[Round "2.11"]
[White "Tardos, Jakab"]
[Black "Guber, Tamas"]
[Result "1/2-1/2"]
[WhiteElo "1737"]
[BlackElo "1580"]
[PlyCount "100"]
[EventDate "2012.09.16"]
[EventType "team-tourn"]
[EventRounds "11"]
[EventCountry "HUN"]
[SourceTitle "EXT 2014"]
[Source "ChessBase"]
[SourceDate "2013.11.20"]
[SourceVersion "1"]
[SourceVersionDate "2013.11.20"]
[SourceQuality "1"]
[WhiteTeam "Husi"]
[BlackTeam "MAV Elore"]
[WhiteTeamCountry "HUN"]
[BlackTeamCountry "HUN"]

1. e4 c5 2. Nf3 e6 3. d4 cxd4 4. Nxd4 a6 5. Be3 Nf6 6. Nd2 Qc7 7. Be2 b6 8. f4 d6 9. Bf3 Bb7 10. 0-0 Nc6 11. c3 Rc8 12. Rc1 Be7 13. Re1 0-0 14. Qe2 Nd7 15. Qf2 Bf6 16. N2b3 Rfe8 17. g4 g6 18. Re2 Qd8 19. g5 Bg7 20. h4 Qe7 21. h5 Nc5 22. Qh4 Nxd4 23. Bxd4 Nxb3 24. Bxg7 Nxc1 25. Rh2 Ne2+ 26. Kf2 Nxf4 27. hxg6 h5 28. Bf6 Qc7 29. gxf7+ Qxf7 30. Qxf4 Qg6 31. Bxh5 Qxe4 32. Qxe4 Bxe4 33. Bxe8 Rxe8 34. Ke3 Bf5 35. Kd4 Kf7 36. Rd2 Rc8 37. Ke3 d5 38. b4 Rc4 39. Kf2 Rh4 40. Kg3 Rh3+ 41. Kf2 Be4 42. Ke2 Kg6 43. Kf2 Kf5 44. Re2 Rh2+ 45. Ke3 Rh3+ 46. Kd2 Rd3+ 47. Kc1 Rh3 48. Rf2+ Rf3 49. Rxf3+ Bxf3 50. Kd2 Be4 1/2-1/2

[Event "HUN-chT2 Breyer 1112"]
[Site "Hungary"]
[Date "2012.03.11"]
[Round "7.12"]
[White "Kovacs, Bence"]
[Black "Tardos, Jakab"]
[Result "1-0"]
[WhiteElo "1631"]
[BlackElo "1736"]
[PlyCount "81"]
[EventDate "2011.09.25"]
[EventType "team-tourn"]
[EventRounds "11"]
[EventCountry "HUN"]
[SourceTitle "EXT 2013"]
[Source "ChessBase"]
[SourceDate "2012.11.22"]
[SourceVersion "1"]
[SourceVersionDate "2012.11.22"]
[SourceQuality "1"]
[WhiteTeam "Geniusz Tata"]
[BlackTeam "Husi"]
[WhiteTeamCountry "HUN"]
[BlackTeamCountry "HUN"]

1. e4 e6 2. d4 d5 3. Nd2 Nf6 4. e5 Nfd7 5. Bd3 c5 6. c3 Nc6 7. Ne2 Be7 8. Nf3 Nb6 9. 0-0 Bd7 10. a4 a5 11. Bd2 Rc8 12. dxc5 Bxc5 13. Qb1 Qc7 14. Bf4 h6 15. Qc1 Ke7 16. Bg3 Rcg8 17. Ned4 Na7 18. b3 Kd8 19. Qd2 g5 20. Rfc1 g4 21. Nh4 Bc6 22. Qf4 Qe7 23. Be2 h5 24. c4 Kd7 25. Rd1 Rc8 26. cxd5 Nxd5 27. Qd2 Bb4 28. Qd3 Rc7 29. Rac1 Kc8 30. Kh1 Kb8 31. f3 Ka8 32. fxg4 Nc3 33. Rg1 hxg4 34. Bxg4 Rxh4 35. Bxh4 Qxh4 36. Bf3 Rd7 37. Rxc3 Bxc3 38. Qxc3 Qxd4 39. Qxa5 Bxf3 40. gxf3 Qd3 41. Rg8+ 1-0

[Event "Budapest-chT1 Lilienthal 1112"]
[Site "Budapest"]
[Date "2012.02.26"]
[Round "8"]
[White "Tardos, Jakab"]
[Black "Molnar, Imre1111"]
[Result "1-0"]
[WhiteElo "1736"]
[BlackElo "1887"]
[PlyCount "21"]
[EventDate "2011.10.02"]
[EventType "team-tourn"]
[EventRounds "11"]
[EventCountry "HUN"]
[SourceTitle "EXT 2020"]
[Source "ChessBase"]
[SourceDate "2019.10.17"]
[SourceVersion "1"]
[SourceVersionDate "2019.10.17"]
[SourceQuality "1"]
[WhiteTeam "Budapest HUSI II"]
[BlackTeam "Vizugy II"]
[WhiteTeamCountry "HUN"]
[BlackTeamCountry "HUN"]

1. e4 d5 2. exd5 Nf6 3. Bc4 Nxd5 4. Nc3 Be6 5. Qf3 c6 6. Nge2 g6 7. Nd4 Qd7 8. 0-0 Bg7 9. Nxe6 Qxe6 10. Nxd5 cxd5 11. Bxd5 1-0

[Event "Budapest-chT1 Lilienthal 1112"]
[Site "Budapest"]
[Date "2012.02.05"]
[Round "7"]
[White "Tardos, Jakab"]
[Black "Medve, Mark"]
[Result "0-1"]
[WhiteElo "1736"]
[BlackElo "1635"]
[PlyCount "116"]
[EventDate "2011.10.02"]
[EventType "team-tourn"]
[EventRounds "11"]
[EventCountry "HUN"]
[SourceTitle "EXT 2020"]
[Source "ChessBase"]
[SourceDate "2019.10.17"]
[SourceVersion "1"]
[SourceVersionDate "2019.10.17"]
[SourceQuality "1"]
[WhiteTeam "Budapest HUSI II"]
[BlackTeam "Budapest Ujpest KSE"]
[WhiteTeamCountry "HUN"]
[BlackTeamCountry "HUN"]

1. e4 c5 2. Nf3 d6 3. d4 cxd4 4. Nxd4 Nf6 5. Nc3 a6 6. Be3 e5 7. Nb3 Be6 8. Be2 b5 9. 0-0 Be7 10. f4 Nbd7 11. Bf3 0-0 12. g4 exf4 13. Bxf4 Ne5 14. Bxe5 dxe5 15. g5 Nd7 16. h4 Qb6+ 17. Kh2 Nc5 18. Nd5 Bxd5 19. exd5 Rad8 20. Nxc5 Bxc5 21. Qe2 f5 22. gxf6 Qxf6 23. Kh3 Be7 24. Qe4 Qh6 25. h5 Rf4 26. Qxe5 Rh4+ 27. Kg2 Bf6 28. Qe6+ Kh8 29. Rh1 Qg5+ 30. Kf2 Bd4+ 31. Ke2 Rf4 32. Raf1 Rf5 33. Qxa6 Qe3+ 34. Kd1 Rxf3 35. Qxb5 Rxf1+ 36. Rxf1 Bxb2 37. Qd3 Qxd3+ 38. cxd3 h6 39. Rf5 Bd4 40. Kc2 g6 41. hxg6 Kg7 42. Rf4 Rxd5 43. Rg4 h5 44. Rg2 Rb5 45. Kd1 h4 46. Rg4 h3 47. Rxd4 h2 48. Rh4 Rb1+ 49. Kc2 h1Q 50. Rxh1 Rxh1 51. a4 Kxg6 52. Kc3 Kf6 53. Kc4 Ke6 54. Kc5 Rc1+ 55. Kb6 Kd6 56. a5 Rb1+ 57. Ka7 Kc7 58. a6 Rd1 0-1

[Event "Budapest-chT1 Lilienthal 1112"]
[Site "Budapest"]
[Date "2012.01.15"]
[Round "6"]
[White "Tardos, Jakab"]
[Black "Palczert, Miklos"]
[Result "1-0"]
[WhiteElo "1736"]
[BlackElo "1912"]
[PlyCount "97"]
[EventDate "2011.10.02"]
[EventType "team-tourn"]
[EventRounds "11"]
[EventCountry "HUN"]
[SourceTitle "EXT 2020"]
[Source "ChessBase"]
[SourceDate "2019.10.17"]
[SourceVersion "1"]
[SourceVersionDate "2019.10.17"]
[SourceQuality "1"]
[WhiteTeam "Budapest HUSI II"]
[BlackTeam "Barcza GSC"]
[WhiteTeamCountry "HUN"]
[BlackTeamCountry "HUN"]

1. e4 e5 2. Nf3 Nc6 3. d4 exd4 4. Nxd4 Bc5 5. Be3 Qf6 6. c3 Nge7 7. Bc4 Ne5 8. Bb3 d6 9. h3 Qg6 10. g3 Qxe4 11. Rh2 Bxd4 12. Nd2 Nd3+ 13. Ke2 Qg6 14. Bxd4 Nf5 15. Kxd3 Nxg3+ 16. Ke3 Qg5+ 17. Kf3 Nf5 18. Ne4 Nh4+ 19. Ke2 Qe7 20. Kd3 Bf5 21. f3 d5 22. Bxd5 0-0-0 23. c4 c6 24. Rc1 cxd5 25. cxd5+ Kb8 26. Qa4 a6 27. Bxg7 Rxd5+ 28. Ke3 Rhd8 29. Bf6 Rd3+ 30. Ke2 Qd7 31. Qxd7 R8xd7 32. Bxh4 Bxe4 33. fxe4 Rd2+ 34. Ke1 R2d4 35. Re2 Rd3 36. Rec2 Re3+ 37. Kf1 Rxe4 38. Rc8+ Ka7 39. Bf2+ b6 40. R1c7+ Rxc7 41. Rxc7+ Kb8 42. Rxf7 Rb4 43. b3 h5 44. Rf5 h4 45. Rh5 a5 46. Rxh4 Rb5 47. Rh6 Kb7 48. h4 a4 49. Rxb6+ 1-0

[Event "Budapest-chT1 Lilienthal 1112"]
[Site "Budapest"]
[Date "2011.12.04"]
[Round "4"]
[White "Tardos, Jakab"]
[Black "Dlauchy, Peter"]
[Result "1-0"]
[WhiteElo "1736"]
[BlackElo "1930"]
[PlyCount "63"]
[EventDate "2011.10.02"]
[EventType "team-tourn"]
[EventRounds "11"]
[EventCountry "HUN"]
[SourceTitle "EXT 2020"]
[Source "ChessBase"]
[SourceDate "2019.10.17"]
[SourceVersion "1"]
[SourceVersionDate "2019.10.17"]
[SourceQuality "1"]
[WhiteTeam "Budapest HUSI II"]
[BlackTeam "Budapest Vasas II"]
[WhiteTeamCountry "HUN"]
[BlackTeamCountry "HUN"]

1. e4 e6 2. d4 d5 3. e5 c5 4. c3 Nc6 5. Nf3 Qb6 6. Bd3 cxd4 7. cxd4 Bd7 8. Bc2 Nb4 9. Nc3 Nxc2+ 10. Qxc2 Rc8 11. 0-0 Ne7 12. Be3 Nf5 13. Qd2 Nxe3 14. fxe3 Be7 15. Rf2 0-0 16. Raf1 Bc6 17. h4 Qd8 18. g3 h5 19. Qe2 a6 20. Nh2 g6 21. g4 Bxh4 22. Rg2 hxg4 23. Nxg4 Be8 24. Nf6+ Kg7 25. Qg4 Rh8 26. Rh2 g5 27. Rxh4 Rxh4 28. Qxg5+ Kf8 29. Qxh4 Qa5 30. Nh7+ Kg7 31. Qg4+ Kxh7 32. Kf2 1-0

[Event "Budapest-chT1 Lilienthal 1011"]
[Site "Budapest"]
[Date "2011.02.27"]
[Round "9"]
[White "Zsembery, Aron"]
[Black "Tardos, Jakab"]
[Result "1-0"]
[WhiteElo "1855"]
[BlackElo "1652"]
[PlyCount "71"]
[EventDate "2010.09.19"]
[EventType "team-tourn"]
[EventRounds "11"]
[EventCountry "HUN"]
[SourceTitle "EXT 2020"]
[Source "ChessBase"]
[SourceDate "2019.10.17"]
[SourceVersion "1"]
[SourceVersionDate "2019.10.17"]
[SourceQuality "1"]
[WhiteTeam "Penzugyor III"]
[BlackTeam "Budapest HUSI II"]
[WhiteTeamCountry "HUN"]
[BlackTeamCountry "HUN"]

1. e4 e6 2. d4 d5 3. e5 c5 4. c3 Qb6 5. Nf3 Nc6 6. a3 c4 7. g3 Na5 8. Nbd2 Bd7 9. h4 Be7 10. Bh3 h5 11. Qe2 Ba4 12. 0-0 0-0-0 13. Ng5 Bxg5 14. hxg5 Ne7 15. Nf3 Nb3 16. Rb1 Ng6 17. Be3 h4 18. g4 Qc7 19. Nd2 Qe7 20. Nxb3 Bxb3 21. f4 Kb8 22. Rf2 Rhg8 23. Rbf1 b5 24. f5 Nh8 25. Rf3 a5 26. g6 fxg6 27. fxe6 Rde8 28. g5 Rgf8 29. Rxf8 Rxf8 30. Rxf8+ Qxf8 31. Qf2 Qe7 32. Qf3 Qd8 33. Bf4 Bc2 34. e7 Qxe7 35. Qxd5 Qe8 36. e6+ 1-0

[Event "Budapest-chT1 Lilienthal 1011"]
[Site "Budapest"]
[Date "2011.02.06"]
[Round "8"]
[White "Tardos, Jakab"]
[Black "Simon, Tamas"]
[Result "1/2-1/2"]
[WhiteElo "1652"]
[BlackElo "1795"]
[PlyCount "70"]
[EventDate "2010.09.19"]
[EventType "team-tourn"]
[EventRounds "11"]
[EventCountry "HUN"]
[SourceTitle "EXT 2020"]
[Source "ChessBase"]
[SourceDate "2019.10.17"]
[SourceVersion "1"]
[SourceVersionDate "2019.10.17"]
[SourceQuality "1"]
[WhiteTeam "Budapest HUSI II"]
[BlackTeam "Csepel"]
[WhiteTeamCountry "HUN"]
[BlackTeamCountry "HUN"]

1. e4 e6 2. d4 d5 3. e5 c5 4. c3 Nc6 5. Nf3 Nh6 6. Bd3 cxd4 7. cxd4 Nf5 8. Bxf5 exf5 9. Bd2 Be6 10. Qb3 b6 11. Nc3 Be7 12. Rc1 Rc8 13. 0-0 g5 14. Ne2 f4 15. Ne1 Qd7 16. Nc2 Bg4 17. f3 Be6 18. Nb4 0-0 19. Nxc6 Rxc6 20. Rxc6 Qxc6 21. Rc1 Qb7 22. h4 h6 23. Bb4 Bxb4 24. Qxb4 Qa6 25. Nc3 Qd3 26. Rd1 Qe3+ 27. Kf1 gxh4 28. Re1 Qd3+ 29. Re2 Kg7 30. Qe7 h3 31. Qf6+ Kh7 32. Qxf4 hxg2+ 33. Kg1 Bh3 34. Qe3 Qc4 35. f4 Bf5 1/2-1/2

[Event "HUN-chT2 Charousek 1011"]
[Site "Hungary"]
[Date "2010.10.24"]
[Round "4"]
[White "Tardos, Jakab"]
[Black "Biskopics, Boglarka"]
[Result "1-0"]
[WhiteElo "1652"]
[BlackElo "1933"]
[PlyCount "45"]
[EventDate "2010.09.12"]
[EventType "team-tourn"]
[EventRounds "11"]
[EventCountry "HUN"]
[SourceTitle "EXT 2012"]
[Source "ChessBase"]
[SourceDate "2011.11.24"]
[SourceVersion "1"]
[SourceVersionDate "2011.11.24"]
[SourceQuality "1"]
[WhiteTeam "Husi"]
[BlackTeam "Aquaprofit II"]
[WhiteTeamCountry "HUN"]
[BlackTeamCountry "HUN"]

1. e4 c5 2. Nf3 Nc6 3. d4 cxd4 4. Nxd4 Qc7 5. Nc3 e6 6. Ndb5 Qb8 7. Be3 a6 8. Bb6 axb5 9. Nxb5 Qe5 10. Nc7+ Ke7 11. Nxa8 Qxe4+ 12. Be2 d6 13. 0-0 Nf6 14. Be3 Nd5 15. Bf3 Qa4 16. Bxd5 Qxa8 17. Bb3 Qb8 18. Re1 Bd7 19. Qd2 f6 20. Rad1 Kf7 21. Bc5 d5 22. Bxf8 Rxf8 23. Bxd5 1-0

[Event "British Columbia-ch U20"]
[Site "New Westminster"]
[Date "2007.11.11"]
[Round "3.6"]
[White "Tardos, Jakab"]
[Black "Botez, Alexandra"]
[Result "0-1"]
[WhiteElo "1467"]
[BlackElo "1840"]
[PlyCount "73"]
[EventDate "2007.11.10"]
[EventType "swiss"]
[EventRounds "5"]
[EventCountry "CAN"]
[SourceTitle "EXT 2022"]
[Source "ChessBase"]
[SourceDate "2021.10.06"]
[SourceVersion "1"]
[SourceVersionDate "2021.10.06"]
[SourceQuality "1"]

1. e4 e6 2. d4 d5 3. exd5 exd5 4. Bd3 Nf6 5. Nf3 Be7 6. 0-0 0-0 7. Bf4 Bg4 8. Nbd2 Nc6 9. c3 h6 10. Re1 Nh5 11. Bg3 Nxg3 12. hxg3 Bg5 13. Qc2 Bxd2 14. Nxd2 Qg5 15. Nf3 Bxf3 16. gxf3 f5 17. Qc1 f4 18. Kg2 Rf6 19. b4 a6 20. a4 Qh5 21. Rh1 Qf7 22. g4 g5 23. Qd2 Ne7 24. Rae1 Ng6 25. Bxg6 Rxg6 26. Re5 Re8 27. Rhe1 Rge6 28. Qc2 Rxe5 29. Rxe5 Rxe5 30. dxe5 Qe6 31. Qf5 Qxf5 32. gxf5 a5 33. Kf1 axb4 34. cxb4 c6 35. e6 Kg7 36. e7 Kf7 37. f6 0-1